000 00913cam a2200253 4500
001 J3578
008 090401t1996 xxu||||| |||| 00| 0 eng d
035 _a(Sirsi) u55924
041 _aeng
050 _a692.8
110 _aNational Joint Consultative Committee for Building
_9994
245 _aCode of procedure for two stage selective tendering.
250 _aRevised ed.
260 _aLondon
_bNJCC
_c1996
300 _a12p. ; 30cm.
350 _a6.5
520 _aProduced in collaboration with the Scottish Joint Consultative Committee and the Joint Consultative Committee for Building, Northern Ireland.
520 _aSuperseded by JCT Practice Note 6 Series 2 "Main contract tendering" (J119195).
650 _aBUILT ENVIRONMENT-BUILDING CONTRACT FORMS
650 _aTWO STAGE SELECTIVE TENDERING
690 _aBUILT ENVIRONMENT-BUILDING CONTRACT FORMS
942 _n0
948 _c04/03/1997
999 _c93678
_d93678